000 00304nam a22001337a 4500
008 170413b xxu||||| |||| 00| 0 eng d
020 _a9780495116691
041 _aeng
080 _211TH
_a612.39
100 _a10
101 _aSHM
245 _aUNDERSTANDING NUTRITION
_cWHITNEY, E.S
942 _2udc
_cBK
999 _c10655
_d10655